书目信息 |
| 题名: |
信笺里的阳光之三
|
|
| 作者: | 庞巍 , 杜佐娅 主编 | |
| 分册: | ||
| 出版信息: | 武汉 华中师范大学出版社 2018.05 |
|
| 页数: | 151页 | |
| 开本: | 24cm | |
| 丛书名: | ||
| 单 册: | ||
| 中图分类: | G782-53 , G78-53 | |
| 科图分类: | ||
| 主题词: | 儿童教育--文集 , 儿童教育--家庭教育--文集 | |
| 电子资源: | ||
| ISBN: | 978-7-5622-8231-0 | |
| 000 | 01243nam0 2200289 450 | |
| 001 | 0108153900 | |
| 005 | 20210308154400.0 | |
| 010 | @a978-7-5622-8231-0@dCNY20.00 | |
| 100 | @a20181129d2018 em y0chiy50 ea | |
| 101 | 0 | @achi |
| 102 | @aCN@b420000 | |
| 105 | @ay z 000yy | |
| 106 | @ar | |
| 200 | 1 | @a信笺里的阳光之三@Axin jian li de yang guang zhi san@e家长的“教育经”@f庞巍, 杜佐娅主编 |
| 210 | @a武汉@c华中师范大学出版社@d2018.05 | |
| 215 | @a151页@d24cm | |
| 300 | @a尚美育人 | |
| 330 | @a本书根据武汉市硚口区体育馆小学寇晓燕校长给家长的信中提出的教育主题,整理了家长们给校长的回信,共分为十大主题,分别为:“挫折中前行”“互联网时代思维”“家长的榜样”“科学的学习方法”“牵着蜗牛散步静待花开”“我们在同一片蓝天”“学会养育”“核心能力与核心素养的培养”“掌握儿童的心理”“正确地评价孩子”。在回信中,家长们分享了自己教育孩子的一个个鲜活而又充满生命力的事例,极富生活气息,又很有教育意义。 | |
| 517 | 1 | @a家长的“教育经”@Ajia zhang de “jiao yu jing ” |
| 606 | 0 | @a儿童教育@j文集 |
| 606 | 0 | @a儿童教育@x家庭教育@j文集 |
| 690 | @aG782-53@v5 | |
| 690 | @aG78-53@v5 | |
| 701 | 0 | @a庞巍@Apang wei@4主编 |
| 701 | 0 | @a杜佐娅@Adu zuo ya@4主编 |
| 801 | 0 | @aCN@bBJSZM@c20210308 |
| 905 | @b1270902-6@dG782-53@e2502@f5 | |
| 信笺里的阳光之三:家长的“教育经”/庞巍, 杜佐娅主编.-武汉:华中师范大学出版社,2018.05 |
| 151页;24cm |
| 尚美育人 |
| ISBN 978-7-5622-8231-0:CNY20.00 |
| 本书根据武汉市硚口区体育馆小学寇晓燕校长给家长的信中提出的教育主题,整理了家长们给校长的回信,共分为十大主题,分别为:“挫折中前行”“互联网时代思维”“家长的榜样”“科学的学习方法”“牵着蜗牛散步静待花开”“我们在同一片蓝天”“学会养育”“核心能力与核心素养的培养”“掌握儿童的心理”“正确地评价孩子”。在回信中,家长们分享了自己教育孩子的一个个鲜活而又充满生命力的事例,极富生活气息,又很有教育意义。 |
| ● |
| 相关链接 |
|
|
|
|
正题名:信笺里的阳光之三
索取号:G782-53/2502
 
预约/预借
| 序号 | 登录号 | 条形码 | 馆藏地/架位号 | 状态 | 备注 |
| 1 | 1270902 | 212709023 | 第一样本阅览室/ [索取号:G782-53/2502] | 在馆 | |
| 2 | 1270903 | 212709032 | 教育系资料室/ [索取号:G782-53/2502] | 在馆 | |
| 3 | 1270904 | 212709041 | 教育系资料室/ [索取号:G782-53/2502] | 在馆 | |
| 4 | 1270905 | 212709050 | 第四借阅区/ [索取号:G782-53/2502] | 在馆 | |
| 5 | 1270906 | 212709069 | 第四借阅区/ [索取号:G782-53/2502] | 在馆 |